Quiz Films (résumés bâclés édition Pixar) - Statistiques

Statistiques générales
  • Ce quiz a été pris 5 772 fois
  • Le résultat moyen est 9 sur 10
Statistiques - réponses
Résumé Film % Correct
Un vieux et un scout s'chappent de la société à l'aide de beaucoup de ballons. Là-haut
98%
Des figurines essayent d'échapper à un enfant détraqué fan de mutilation et de torture. Toy Story
97%
Un roux trouve enfin un ami mais c'est un rat qui lui tire les cheveux pour posséder son corps. Ratatouille
96%
Une rousse prend la confiance au tir à l'arc pendant une compétition officielle. Rebelle
96%
Un famille en collants rouges doit vaincre un fan compulsif à l'aide du surfeur d'argent de Wish. Les Indestructibles
93%
Un petit garçon voit des morts partout et chante avec eux. Coco
91%
On comprend enfin ce qu'il se passe dans la tête des enfants et pourquoi leur vie se résume à si peu de choses. Vice-Versa
90%
Un robot éboueur sauve l'humanité de l'obésité grâce à une feuille. Wall-E
89%
Un père et une gentille amnésique bleue cherchent son fils qui s'est perdu chez un dentiste. Le Monde de Nemo
87%
Un jeune pilote de renom est chargé de faire des travaux de voirie dans un bled paumé du milieu des Etats-Unis. Cars
78%
Aucun quiz correspondant
Distribution des résultats
% des personnes avec chaque résultat
Percentile par nombre de réponses
Votre historique - résultats
Vous n’avez pas pris ce quiz